[Event "SCC Swiss"]
[Site "?"]
[Date "1990.07.27"]
[Round "3"]
[White "Bailey, B."]
[Black "Edwards, J."]
[Result "1-0"]
[WhiteElo "1722"]
[BlackElo "1423"]
[Annotator "Stockfish 14 (15s)"]
[PlyCount "113"]

{B33: Sicilian: Pelikan and Sveshnikov Variations} 1. e4 c5 2. Ne2 Nc6 3. d4
cxd4 4. Nxd4 Qb6 5. Nb3 e6 6. Nc3 Nf6 7. Be3 Qc7 8. Be2 a6 9. a3 Bd6 (9... Be7
10. f4 d6 11. Bf3 O-O 12. O-O Rb8 13. Qe1 Re8 14. Qg3 Nd7 15. f5 Bf6 16. Bh5
Rf8 17. Bxf7+ Kxf7 18. fxe6+ Kxe6 19. Qh3+ Kf7 20. Qxh7 Ne7 21. Bd4 Ke8 22.
Bxf6 gxf6 23. Rad1 b5 24. Nd4 {
Marinsek,T (2200)-Tratar,M (2405) Ljubljana 1996 1/2-1/2 (78)}) 10. g3 $146 (
10. h3 O-O 11. O-O Be5 12. Nd4 Rd8 13. Bf3 b5 14. Nxc6 dxc6 15. Qe1 Bb7 16. Bc5
Nd7 17. Be3 c5 18. g3 Nb6 19. Bg2 Nc4 20. f4 Nxe3 21. Qxe3 Bd4 {
0-1 (21) Spendal,B (1913)-Ahmatovic,M (1960) Otocec 2006}) (10. Qd2 Be5 11. f4
Bxc3 12. Qxc3 O-O 13. Bf3 d6 14. O-O Bd7 15. Rad1 Rac8 16. Qd2 Ne7 17. Qxd6
Qxd6 18. Rxd6 Rxc2 19. Nc5 Bc6 20. Rfd1 Rxb2 21. Rd8 Ng6 22. Rxf8+ Kxf8 23.
Rd8+ Ke7 24. Rc8 Nh4 {
Fliter,I (2119)-Roitburd,M Oropesa del Mar 2000 1/2-1/2 (38)}) (10. Bb6 Qb8 11.
g3 O-O 12. O-O Be5 13. Bf3 d6 14. Bg2 Nd7 15. Be3 Qc7 16. Qd2 Nb6 17. Bxb6 Qxb6
18. Rab1 Rd8 19. Rfd1 Bf6 20. Nc1 Bd7 21. Na4 Qa7 22. b3 b5 23. Nb2 Rac8 24. c4
Nd4 {Rocabert Andreu,G-Efimov,I (2490) Manresa 1993 0-1}) (10. Bb6 Qb8 11. Qd3
O-O $16) 10... b5 (10... Be5 11. Nd4 Qd6 12. Nxc6 Qxc6 13. f3 Bxc3+ 14. bxc3
Qxc3+ 15. Kf2 $11) 11. Bxb5 Ne5 $2 (11... axb5 12. Nxb5 {Combination}) 12. Be2
$18 Bb7 $2 (12... Be7 13. Qd4 Rb8 14. O-O-O $18) 13. f3 (13. f4 $142 Ng6 14. e5
Bxh1 15. Qxd6 (15. exd6 $6 Qb7 $18) (15. exf6 $6 gxf6 16. Qd3 Be7 $11) 15...
Qxd6 16. exd6 $18) 13... O-O 14. O-O (14. Qd4 $142 Rfb8 15. O-O-O $18) 14...
Ng6 $14 15. Bf2 Nh5 (15... h5 16. Qd3 $14) 16. f4 (16. Qd4 $142 Bxg3 17. hxg3
Nxg3 18. Nc5 $18) 16... Nhxf4 $11 17. gxf4 Bxf4 (17... f5 $142 18. e5 Nxf4 $11)
18. Bf3 $4 (18. Nc5 $142 Bxh2+ 19. Kh1 $16) 18... Bxh2+ $19 19. Kh1 Qf4 $4 (
19... f5 20. Nc5 Bc6 21. Nd3 $19) 20. Qe2 $4 (20. Bh5 $142 Qc7 21. Bc5 $14)
20... Bg3 $4 (20... Qh6 $142 21. Bg1 Bg3+ 22. Bh2 f5 $19) 21. Bxg3 $18 Qxg3 22.
Qh2 Qh4 $2 (22... Qg5 $142 23. Rad1 Rad8 $18) 23. Na5 (23. Qxh4 Nxh4 24. Rad1
Rfd8 $18) 23... Bc8 (23... Ra7 24. Qxh4 Nxh4 25. Nxb7 Rxb7 26. Na4 $18) 24.
Rad1 Qxh2+ (24... Ra7 25. Be2 $18) 25. Kxh2 Nf4 (25... Ra7 26. Na4 Ne5 27. Be2
$18) 26. Nc4 h5 (26... Ra7 27. Nd6 Rc7 28. Na4 $18) 27. Nd6 (27. e5 $142 Rb8
28. Kg3 g5 $18) 27... g5 (27... Rb8 28. b4 Bb7 29. Ne2 $18) 28. Ne2 Nxe2 (28...
Ng6 29. Bxh5 Kg7 30. Bxg6 Kxg6 31. b4 $18) 29. Bxe2 g4 (29... Rb8 30. b4 f6 31.
c4 $18) 30. Kg3 Kg7 (30... a5 31. Rh1 Kg7 32. Rxh5 $18) 31. Kh4 (31. e5 $142 a5
32. Bxg4 $18) 31... Kg6 (31... a5 32. Kxh5 g3 $18) 32. e5 Rb8 33. Rf6+ Kg7 34.
b3 (34. Rdf1 Bb7 35. Rxf7+ Kg8 36. Rxf8+ Rxf8 37. Rxf8+ Kxf8 38. Nxb7 a5 39.
Nxa5 Ke7 40. Nb7 g3 41. Bf1 g2 42. Bxg2 d6 43. exd6+ Kd7 44. b4 Ke8 45. b5 e5
46. Kxh5 Kf7 47. d7 e4 48. d8=Q e3 49. Bd5+ Kg7 50. Qg8+ Kf6 51. Qg5#) 34...
Rb6 35. Rdf1 Rc6 (35... Rxd6 36. exd6 Bb7 37. b4 $18) 36. Bd3 (36. Nxf7 Rc3 37.
Kxh5 Rf3 38. Bxf3 Rxf7 39. Be4 Rxf6 40. exf6+ Kf7 41. Bg6+ Kg8 42. Rf4 a5 43.
Rc4 Ba6 44. Rc7 g3 45. Rxd7 Be2+ 46. Kg5 Bb5 47. Rd8+ Be8 48. Rxe8#) 36... Rc5
(36... Rxd6 37. exd6 Bb7 38. b4 $18) 37. Nxc8 (37. Nxf7 Rxf7 38. Rxf7+ Kh8 39.
Rf8+ Kg7 40. R1f7+ Kh6 41. Rh8#) 37... Rcxc8 $18 38. b4 Rc6 (38... d6 39. exd6
Rc6 40. Kxh5 Rxd6 41. Kxg4 $18) 39. Kxh5 g3 (39... d6 40. R6f4 Rh8+ 41. Kxg4
f5+ 42. exf6+ Kf7 43. Kg3 $18) 40. R6f3 (40. R1f3 $142 Rh8+ 41. Kg5 Kf8 42.
Rxf7+ Ke8 $18) 40... Rh8+ 41. Kg4 Rf8 (41... f5+ 42. exf6+ Kf7 43. Rxg3 $18)
42. Kxg3 Rc3 (42... Rcc8 43. c4 f6 44. exf6+ Kf7 45. c5 $18) 43. Kf2 (43. Kg2
f6 44. exf6+ Kf7 45. Bg6+ Kxg6 46. Rxc3 Kf7 $18) 43... f5 44. exf6+ Rxf6 45.
Rxf6 Kxf6 46. a4 d5 (46... Ke5 47. a5 $18) 47. Ke3+ Ke5 (47... Ke7 48. Kd4 Rc8
49. a5 $18) 48. Kd2 Rc6 (48... Ra3 49. a5 $18) 49. Rf8 Rb6 50. c3 a5 (50... d4
51. Rd8 $18) 51. bxa5 Rb2+ 52. Bc2 d4 53. a6 dxc3+ (53... d3 54. Kxd3 Rb6 55.
a7 Rd6+ 56. Ke3 Ra6 57. a8=Q Rxa8 58. Rxa8 Kd6 59. a5 e5 60. Be4 Kc5 61. Rb8
Kd6 62. a6 Kc5 63. a7 Kd6 64. a8=Q Ke7 65. Rb7+ Kd6 66. Qd8+ Kc5 67. Qd5#) 54.
Kxc3 Rb6 55. a7 Ra6 (55... Rc6+ 56. Kb3 Rb6+ 57. Ka3 Ra6 58. a8=Q Rxa8 59. Rxa8
Kd4 60. a5 Kc5 61. a6 Kb6 62. a7 Ka6 63. Re8 Kxa7 64. Rxe6 Kb7 65. Kb4 Kc7 66.
Ba4 Kc8 67. Kc5 Kc7 68. Bc6 Kb8 69. Kb6 Kc8 70. Re8#) 56. a8=Q Rxa8 57. Rxa8
1-0

[Event "SCC Class"]
[Site "?"]
[Date "1990.09.07"]
[Round "1"]
[White "Bailey, B."]
[Black "McQuitty, M."]
[Result "1-0"]
[WhiteElo "1722"]
[BlackElo "1634"]
[Annotator "Stockfish 14 (15s)"]
[PlyCount "59"]

{B00: Queen's Fianchetto Defence, Nimzowitsch Defence} 1. e4 b6 2. d4 Bb7 3.
Nc3 g6 4. Nf3 Bg7 5. Bc4 e6 6. O-O Nc6 (6... d6 7. Bg5 Ne7 8. Qd2 h6 9. Be3 a6
10. a4 d5 11. exd5 Nxd5 12. Nxd5 Bxd5 13. Bxd5 Qxd5 14. c4 Qh5 15. Bf4 Nd7 16.
Bxc7 O-O 17. Rac1 Rfc8 18. Bg3 Rc6 19. Rfe1 Rac8 20. b3 Rd8 21. Qe2 {
Rausz,A (2210)-Pinterne Kovacs,M Hungary 1995 1-0 (36)}) (6... a6 7. Re1 d6 8.
Bg5 Qd7 9. e5 d5 10. Bd3 h6 11. Bh4 Nc6 12. a3 g5 13. Bg3 g4 14. Nh4 h5 15. Ne2
O-O-O 16. c3 Nce7 17. b4 Nh6 18. f4 gxf3 19. Nxf3 Nhf5 20. Ng5 Rdf8 21. Nf4 {
Scantland,P (1640)-Laurin,M (1720) Gatineau 2006 0-1 (41)}) 7. Bg5 $146 (7. Bf4
d6 8. a3 Nge7 9. Qd2 O-O 10. Bh6 Na5 11. Bxg7 Nxc4 12. Qh6 f6 13. Bxf8 Qxf8 14.
Qxf8+ Rxf8 15. b3 Na5 16. Rfe1 a6 17. e5 Bxf3 18. gxf3 fxe5 19. dxe5 d5 20. Kg2
Nf5 21. f4 Nd4 {Mjoes,K (1069)-Andersen,E (2109) Sotra 2002 0-1}) (7. Re1 $142
$16) 7... f6 $2 (7... Nge7 $5 $16) 8. Be3 (8. Bf4 Na5 9. Be2 Nc6 $18) 8... a6
$2 (8... Na5 $142 9. Be2 Ne7 $16) 9. d5 Na5 10. Be2 exd5 (10... Bc8 11. dxe6
dxe6 12. Qxd8+ Kxd8 13. Rad1+ Ke8 $18) 11. exd5 Bc8 (11... b5 12. Bc5 Ne7 13.
a4 $18) 12. Re1 (12. d6 c5 13. Nd5 Rb8 $18) 12... d6 (12... Bh6 13. Bxa6 $1 Kf8
14. Bd3 $18) 13. Qd2 (13. b4 Nb7 14. Nd4 Ne7 $18) 13... Nb7 (13... Ne7 14. b4
Nb7 15. Nd4 $18) 14. b4 (14. Nd4 Bd7 15. Bf3 Na5 $18) 14... Bd7 (14... Ne7 15.
Nd4 O-O 16. Nc6 $18) 15. Nd4 Ne7 (15... Qc8 16. Bc4 $18) 16. Bc4 (16. Bf3 O-O
17. Nc6 Qe8 18. Bxb6 cxb6 19. Rxe7 Bxc6 20. Rxg7+ Kxg7 21. dxc6 Nd8 $18) 16...
O-O (16... b5 17. Bb3 O-O 18. Nc6 $18) 17. Nc6 Qe8 18. Bxb6 $1 cxb6 (18... Rf7
19. Bxc7 Bxc6 20. dxc6 Qxc6 21. Bxf7+ Kxf7 22. Bb6 $18) 19. Rxe7 Qc8 (19... f5
20. Rxe8 Rfxe8 21. Rd1 $18) 20. Bb3 (20. Na4 $142 Qc7 21. Qe3 Rae8 22. Qxb6
Qxb6 23. Nxb6 Rxe7 24. Nxe7+ Kf7 $18) 20... Kh8 (20... b5 21. Rae1 $18) 21. Nd4
(21. Na4 $5 Qc7 22. Qe3 f5 23. Nxb6 f4 $18) 21... Nd8 (21... Re8 22. Rae1 Rxe7
23. Rxe7 $18) 22. Rae1 (22. Ne4 $142 Rf7 23. Nxd6 Rxe7 24. Nxc8 Rxc8 $18) 22...
Nf7 (22... Rf7 23. h4 Rb8 $18) 23. Ne6 Rg8 (23... Bh6 24. f4 Ne5 $18) 24. Rxf7
Bxe6 25. Rxe6 (25. dxe6 Re8 26. e7 d5 27. Nxd5 Qd7 $18) 25... f5 26. Ree7 Qd8
27. Qe3 Rc8 28. Ne2 b5 29. Nf4 Rb8 (29... h6 30. Nxg6+ Kh7 31. Qe6 Qxe7 32.
Nxe7 Kh8 33. Nxc8 f4 34. Ne7 f3 35. Rxg7 Rxg7 36. Qxh6+ Rh7 37. Qf8#) 30. Nxg6+
$1 (30. Nxg6+ hxg6 31. Qh3+ Bh6 32. Qxh6#) 1-0

[Event "SCC Class"]
[Site "?"]
[Date "1990.09.14"]
[Round "2"]
[White "Eghtedari, K."]
[Black "Bailey, B."]
[Result "1-0"]
[WhiteElo "1733"]
[BlackElo "1720"]
[Annotator "Stockfish 14 (15s)"]
[PlyCount "53"]

{C22: Centre Game} 1. e4 e5 2. d4 exd4 3. Qxd4 Nc6 4. Qe3 g6 5. Nc3 Bg7 6. Bd2
Nge7 7. O-O-O O-O 8. Bc4 d6 (8... a6 9. f4 b5 10. Bb3 Nd4 11. Nf3 c5 12. Bd5
Rb8 13. Kb1 b4 14. Na4 Nxd5 15. exd5 Re8 16. Qd3 Qa5 17. Nxd4 Bxd4 18. b3 d6
19. Rhe1 Bf5 20. Qf3 Bd7 21. Nb2 Bb5 22. a4 Bxb2 23. Kxb2 {
Mueller,M (2237)-Moerschbach,U (2109) Germany 2006 0-1 (34)}) 9. f3 (9. Nf3 a6
10. h4 b5 11. Bb3 Na5 12. h5 Nxb3+ 13. axb3 Bg4 14. hxg6 fxg6 15. Ne2 Bxf3 16.
gxf3 Nc6 17. Bc3 Qe7 18. f4 Rae8 19. Ng3 a5 20. f5 Ne5 21. f4 Ng4 22. Qe2 Bxc3
23. bxc3 Nf6 {Kreiman,B (2455)-Lukacs,P (2475) Budapest 1998 1-0}) 9... Na5
$146 (9... Bd7 10. Nge2 Nc8 11. h4 Nb6 12. Bb3 Na5 13. h5 Nxb3+ 14. axb3 Qf6
15. hxg6 fxg6 16. Rh2 h6 17. Qf2 g5 18. Ng3 Kh7 19. Nh5 Qg6 20. Nxg7 Kxg7 21.
Rdh1 Rh8 22. Qd4+ Kf7 23. Nd5 c6 24. Nxb6 {
Baron,R-Dumesnil,A Elancourt 2003 1-0 (56)}) (9... Rb8 10. Bb3 b5 11. h4 $17)
10. Bb3 (10. Be2 $142 Nac6 11. h4 $14) 10... Nxb3+ $17 11. cxb3 Re8 (11... Qe8
$142 12. h4 b5 $15) 12. g4 $2 (12. Nge2 a5 13. Kb1 f5 $11) 12... Be6 (12... d5
$142 $5 13. Qf2 d4 $19) 13. Nge2 d5 14. Be1 c6 (14... Qd6 15. Bg3 Qa6 16. Kb1
$17) 15. h4 (15. h3 Qb6 16. Bf2 Qxe3+ 17. Bxe3 b6 $15) 15... Qa5 (15... Qb6
$142 $5 16. Qxb6 axb6 $17) 16. Kb1 (16. Nf4 Qb6 17. Bf2 Be5 18. Nxe6 Qxe3+ 19.
Bxe3 fxe6 $11) 16... Qb6 17. Qd2 (17. Qxb6 $5 axb6 18. Nd4 $11) 17... Rad8 (
17... dxe4 $5 18. Nxe4 Rad8 $19) 18. e5 $15 Bxe5 (18... d4 19. Ne4 c5 20. h5
$17) 19. Na4 (19. h5 Qc7 20. Nd4 Bf4 $11) 19... Qc7 20. h5 $2 (20. Nc5 $142 Bc8
21. h5 $11) 20... Rf8 $4 (20... d4 $142 21. Nc5 Bd5 $19) 21. Nc5 $16 b6 (21...
Bc8 $142 $5 22. Nd3 d4 $16) 22. Nd3 $18 f5 $4 (22... d4 23. Bh4 Bd5 24. Nxe5
Qxe5 25. Rde1 $18) 23. Qe3 (23. Nxe5 $142 Qxe5 24. Bg3 $18) 23... fxg4 24. Qxe5
(24. Nxe5 $6 d4 25. Rxd4 Nf5 $11) 24... Qxe5 25. Nxe5 gxf3 (25... Bf5+ 26. Kc1
gxf3 27. Nd4 $18 (27. Nxf3 $143 Be4 28. Bh4 Rde8 $17 (28... Bxf3 $6 29. Bxe7
Bxe2 30. Rde1 $14))) 26. Nd4 f2 (26... Bf5+ 27. Nxf5 Rxf5 28. hxg6 hxg6 $18)
27. Nxe6 (27. Nxe6 fxe1=Q 28. Rdxe1 gxh5 29. Reg1+ Ng6 30. Nxd8 Rxd8 31. Nxc6
$18) 1-0

[Event "SCC Class"]
[Site "?"]
[Date "1990.09.21"]
[Round "3"]
[White "Bailey, B."]
[Black "Phillips, R."]
[Result "1-0"]
[WhiteElo "1720"]
[BlackElo "1615"]
[Annotator "Stockfish 14 (15s)"]
[PlyCount "69"]

{B01: Scandinavian Defence} 1. e4 d5 2. exd5 Nf6 3. d4 Nxd5 4. c4 Nf6 5. Nc3 e6
6. Nf3 Nbd7 7. Bg5 Be7 8. Be2 $146 (8. Qc2 c6 9. Bd3 h6 10. Bf4 b6 11. O-O-O
Bb7 12. Rhg1 g5 13. Bg3 Rc8 14. Ne5 Nxe5 15. Bxe5 Bd6 16. Ne4 Bxe5 17. dxe5
Nxe4 18. Bxe4 Qe7 19. Rd6 f5 20. Bd3 c5 21. Qa4+ Kf8 22. Qxa7 {
1-0 (22) Lazic,M (2471)-Mancini,G (2033) Porto San Giorgio 2004}) 8... O-O 9.
O-O a6 10. Qc2 Re8 (10... b6 $5 $16) 11. Rad1 Nf8 12. Bd3 Bd7 (12... Nd5 13.
Bxe7 Nxe7 14. Rfe1 $18) 13. Ne5 $18 c6 (13... h6 14. Bf4 $18) 14. Rfe1 Rc8 (
14... Nd5 15. Bxe7 Nxe7 $18) 15. Ne4 $4 (15. a3 b5 $18) 15... b6 $4 (15... Nxe4
$142 16. Bxe7 Rxe7 17. Bxe4 f6 18. Nxd7 Rxd7 $14) 16. Bxf6 (16. Nxf6+ $142 Bxf6
17. Bf4 Bxe5 18. Bxe5 $18 (18. Rxe5 $6 Ng6 19. Bxg6 hxg6 $18)) 16... Bxf6 $4 (
16... gxf6 $142 17. Nf3 Qc7 $18) 17. Nd6 Be7 (17... Qc7 18. c5 bxc5 19. dxc5
Bxe5 20. Rxe5 Red8 21. Bxa6 Ra8 $18) 18. Nexf7 (18. Ndxf7 $142 Bg5 19. Nxd8
Rexd8 20. Nxd7 Rxd7 21. Qb3 $18) 18... Qc7 (18... Bxd6 19. Nxd6 Rb8 20. Nxe8
Bxe8 21. Be4 $18) 19. Nxe8 (19. Bxh7+ Nxh7 20. Nh6+ Kf8 21. Qxh7 Bxd6 22. Qg8+
Ke7 23. Qxg7+ Kd8 24. Qg5+ Re7 25. Nf7+ Ke8 26. Qg8#) 19... Bxe8 $18 20. Ne5
Bd6 21. Qe2 Bd7 (21... c5 22. d5 exd5 23. cxd5 $18) 22. Nxd7 Qxd7 23. c5 Bc7
24. Bc4 Re8 25. b4 b5 26. Bb3 Qf7 27. d5 (27. g3 $142 $5 a5 $18) 27... cxd5 28.
Bxd5 $1 Qf4 (28... exd5 29. Qxe8 {Deflection Pinning}) 29. g3 Qf5 (29... Qxb4
30. Qe3 $18) 30. Bb7 (30. Be4 Qf7 $18) 30... e5 (30... Re7 31. Be4 Qe5 32.
Bxh7+ Kxh7 33. Qxe5 Bxe5 34. Rxe5 $18) 31. Bxa6 e4 (31... Rb8 32. Bxb5 Kh8 33.
a3 $18) 32. Bxb5 Re7 33. Bd3 $1 Qh3 (33... exd3 34. Qxd3 {Discovered attack} (
34. Qxe7 {Deflection Pinning})) 34. Bxe4 Kh8 35. Bf5 $1 (35. Bf5 Rxe2 36. Bxh3
Rxe1+ 37. Rxe1 $18) 1-0

[Event "SCC Class"]
[Site "?"]
[Date "1990.10.05"]
[Round "4"]
[White "Piper, A."]
[Black "Bailey, B."]
[Result "0-1"]
[WhiteElo "1697"]
[BlackElo "1724"]
[Annotator "Stockfish 14 (15s)"]
[PlyCount "84"]

{A38: Symmetrical English vs ...g6: 4 Bg2 Bg7 5 Nf3 Nf6} 1. Nf3 Nf6 2. g3 g6 3.
Bg2 Bg7 4. c4 c5 5. Nc3 Nc6 6. O-O O-O 7. a3 Rb8 8. Rb1 b6 (8... a6 9. b4 cxb4
10. axb4 b5 11. cxb5 axb5 12. d4 d5 13. Bf4 {
1/2-1/2 (13) Hulak,K (2475)-Dizdar,G (2490) Sarajevo 1988}) (8... a5 9. d3 Ne8
10. Be3 d6 11. Qd2 Nc7 12. a4 Ne6 13. Bh6 Ned4 14. Nxd4 Nxd4 15. Bxg7 Kxg7 16.
e3 Nc6 17. d4 cxd4 18. exd4 Bf5 19. Rbc1 e5 20. Nb5 Qf6 21. dxe5 dxe5 22. Nc7
Nd4 23. Rc3 {Aguirre Izaguirre,P (2285)-Fernando Gros,J (2086) Spain 2004 1-0})
9. b4 d5 $146 (9... cxb4 10. axb4 d5 11. cxd5 Nxd5 12. Nxd5 Qxd5 13. e3 Qa2 14.
Rb3 Qa4 15. Rb1 Qxd1 16. Rxd1 Bf5 17. d3 Rfd8 18. Ne1 Rbc8 19. Bb2 Bxb2 20.
Rxb2 Ne5 21. Rb3 Be6 22. Ra3 Nc4 23. Rxa7 Nb2 24. Rb1 {
Klotzki,W-Jakobi,A Schleswig Holstein 1989 1/2-1/2}) 10. bxc5 (10. cxd5 Nxd5
11. Nxd5 Qxd5 $11) 10... bxc5 (10... dxc4 11. Qa4 Na5 12. Ne5 $11) 11. Qa4 (11.
Rxb8 $142 Nxb8 12. cxd5 Nxd5 13. Nxd5 Qxd5 14. d3 $14) 11... Rxb1 $17 12. Nxb1
Qb6 13. cxd5 Nxd5 14. e4 $2 (14. d3 $142 $17) 14... Nc7 $19 (14... Qxb1 $6 15.
Qxc6 Bb7 16. Qd7 $11 (16. Qxc5 $143 Rc8 17. Qa5 Nb6 $17)) 15. Nc3 Rd8 16. Rd1 (
16. Nd5 Nxd5 17. exd5 Rxd5 $19) 16... Ne5 (16... Be6 $142 17. e5 Bb3 18. Qe4
Bxd1 19. Nxd1 $19) 17. Ne1 (17. Nxe5 Bxe5 18. Re1 $19) 17... Bg4 18. f3 (18.
Bf1 Bxd1 19. Qxd1 c4 $19) 18... Bc8 (18... Be6 $142 $5 19. Qc2 Bb3 20. Qb1 $19)
19. Nd5 (19. Qc2 Nc6 20. Na4 $19) 19... Nxd5 20. exd5 Bb7 (20... Bd7 $142 21.
Qc2 c4+ 22. Kh1 $19) 21. d3 (21. d4 cxd4 22. Qb4 Bxd5 23. Qxb6 axb6 24. Rxd4
Nxf3+ 25. Nxf3 Bxd4+ 26. Nxd4 Bxg2 27. Be3 $19) 21... Bxd5 22. Rd2 c4+ 23. d4 (
23. Kh1 c3 24. Re2 Bb3 $19) 23... Nc6 24. Nc2 (24. f4 Nxd4 25. Bxd5 Nf3+ 26.
Kf1 Nxd2+ 27. Bxd2 Rxd5 28. Qe8+ Bf8 $19) 24... Nxd4 25. Nxd4 Bxd4+ (25... c3
$142 $5 26. Rd3 Bb3 27. Qb4 Bxd4+ 28. Rxd4 Rxd4 29. Qxb6 axb6 30. Be3 Rd1+ 31.
Kf2 Rd2+ 32. Kg1 $19) 26. Kh1 Qf6 (26... Be6 27. h4 $19) 27. f4 (27. h4 Qb6 $19
) 27... Bxg2+ (27... c3 $142 28. Re2 Qf5 29. Qc2 Qxc2 30. Rxc2 $19) 28. Kxg2
Qb6 (28... c3 $142 29. Rd3 Qb6 $19) 29. Re2 (29. Qxc4 Qb7+ 30. Kh3 $19) 29...
Qb7+ 30. Kh3 c3 (30... Qf3 $142 31. Qa5 Qf1+ 32. Rg2 Bb6 $19) 31. Qa5 (31. Re1
Qc8+ 32. Kg2 Qb7+ 33. Kh3 h5 $19) 31... Rc8 (31... Rd5 32. Rxe7 Qc8+ 33. g4
Rxa5 34. Kg3 h5 35. h3 Qc6 36. gxh5 Rxh5 37. Be3 c2 38. a4 Bxe3 39. h4 c1=Q 40.
Re8+ Kg7 41. Rg8+ Kxg8 42. a5 Qe1+ 43. Kg4 Qxh4#) 32. f5 Qd7 (32... Qh1 $142
33. Bh6 Qf1+ 34. Rg2 $19) 33. g4 Bf6 (33... Qc6 34. Kg3 Qc4 35. Rxe7 Qd3+ 36.
Kg2 Qc2+ 37. Kh3 Qd1 $19) 34. fxg6 hxg6 (34... Qd3+ 35. Re3 Qf1+ 36. Kg3 hxg6
37. Rf3 Qxc1 38. Qa6 Qe1+ 39. Kg2 Rb8 40. Qf1 Rb2+ 41. Rf2 Qe4+ 42. Kh3 c2 43.
Rxf6 exf6 44. Qxf6 Rb3+ 45. Kh4 Qe1+ 46. Kg5 c1=Q+ 47. Qf4 Qxf4+ 48. Kxf4 Qe3#)
35. Qa6 Kg7 36. Re4 Rh8+ 37. Kg2 Qd1 38. Be3 Qc2+ 39. Kf3 (39. Kf1 Qb1+ 40. Kf2
Qxe4 41. Qxf6+ exf6 42. h4 Rxh4 43. Bh6+ Kxh6 44. g5+ fxg5 45. Kg3 c2 46. a4
c1=Q 47. a5 Qce1#) 39... Rh3+ 40. Kf4 g5+ (40... Qxh2#) 41. Kf5 Rf3+ 42. Bf4
Rxf4# 0-1

[Event "SCC Swiss"]
[Site "?"]
[Date "1990.10.19"]
[Round "1"]
[White "Bailey, B."]
[Black "Stefurak, G."]
[Result "1/2-1/2"]
[WhiteElo "1724"]
[BlackElo "1917"]
[Annotator "Stockfish 14 (15s)"]
[PlyCount "91"]

{A42: Modern Defence: Averbakh Variation} 1. e4 g6 2. d4 Bg7 3. c4 d6 4. Nf3
Nc6 5. Nc3 Bg4 6. Be3 Bxf3 7. gxf3 e5 8. d5 Nd4 9. Nb5 Nxb5 (9... c5 10. dxc6
bxc6 11. Nxd4 exd4 12. Bxd4 Qa5+ 13. Ke2 Nf6 14. Bc3 Qc7 15. Bb4 (15. Qd2 O-O
16. Rd1 d5 17. cxd5 cxd5 18. e5 Nh5 19. Qd4 Bxe5 20. Qd2 Nf4+ 21. Ke3 Rfe8 {
0-1 (21) Guichard,P (2020)-Julve,P (2298) France 2003}) 15... Rd8 16. Qd2 Qe7
17. Rd1 O-O 18. Bg2 Qe6 19. b3 Rfe8 20. Kd3 d5 21. Kc2 d4 22. Bf1 Nh5 23. Bd3
Qh3 24. Rdf1 {Sretenskij,N (2423)-Belotelov,D (2260) Moscow 2001 1-0 (45)}) 10.
cxb5 Nf6 11. Qc2 $146 (11. Rc1 O-O 12. Bh3 Ne8 13. O-O Qh4 14. Bd7 Nf6 15. Rxc7
Rfd8 16. Bc6 bxc6 17. dxc6 Bh6 18. Qb3 Rf8 19. Qa3 Ng4 20. fxg4 Qxg4+ 21. Kh1
Qxe4+ 22. Kg1 Qg4+ {
1/2-1/2 (22) Livner,A (2080)-Sunehag,P (2115) Linkoping 1996}) 11... O-O 12.
Bg5 h6 13. Bxf6 (13. Be3 $142 $16) 13... Bxf6 $15 14. O-O-O Bg5+ (14... a6 15.
Kb1 $15) 15. Kb1 $15 Qd7 (15... Qf6 16. Rd3 $15) 16. Rd3 (16. h4 $142 Bf4 17.
h5 $11) 16... f5 $4 (16... Qd8 $142 $15) 17. h4 $18 Bf4 $2 (17... Bd8 18. Rg1
Kh7 19. h5 $18) 18. h5 Qxb5 (18... g5 19. Rc3 Rac8 20. Bh3 Qxb5 21. Bxf5 $18)
19. hxg6 Qa5 (19... Rac8 20. exf5 c5 21. dxc6 Qxc6 $18) 20. Bh3 fxe4 (20...
Rac8 21. Bxf5 c5 22. Ra3 $18) 21. fxe4 (21. Ra3 $142 Qb6 22. Rb3 Qc5 $18) 21...
Bg5 (21... Rae8 22. Ra3 Qb4 23. Rb3 $18) 22. Ra3 Qb6 23. Rb3 (23. Bf5 $142 c5
24. dxc6 Rxf5 25. Qc4+ Kh8 26. exf5 Qxc6 27. Qxc6 bxc6 $18) 23... Rxf2 24. Rxb6
Rxc2 25. Rxb7 Rc5 26. a3 (26. b4 $142 Rc4 27. Bf5 $18) 26... Kg7 $14 27. Bf5
Be3 28. Rb3 Bd4 29. Rc1 (29. Rf3 Rf8 $16) 29... Rh8 (29... Rxc1+ 30. Kxc1 a5
31. Kd2 $11) 30. Rxc5 Bxc5 31. Rc3 h5 $4 (31... Rb8 $142 $11) 32. b4 $18 Bb6
33. a4 (33. Kc2 Rb8 34. Kb3 a6 $18) 33... a5 34. b5 $4 (34. bxa5 Bxa5 35. Rh3
$16) 34... h4 $11 35. Kc2 Rh5 36. Rh3 Kf6 37. Kd2 Bd4 38. Ke2 Rh8 39. Kf3 Rh5
40. Bg4 Rg5 41. Rxh4 Rxg6 42. Rh7 Bb6 43. Rh5 Rg8 44. Rh6+ Kg7 45. Rh3 Rf8+ 46.
Bf5 1/2-1/2

[Event "SCC Swiss"]
[Site "?"]
[Date "1990.10.26"]
[Round "2"]
[White "Grady, T."]
[Black "Bailey, B."]
[Result "1/2-1/2"]
[WhiteElo "1592"]
[BlackElo "1720"]
[Annotator "Stockfish 14 (15s)"]
[PlyCount "66"]

{B10: Caro-Kann: 2 d3 and 2 c4} 1. e4 c5 2. c3 d5 3. exd5 Qxd5 4. d4 cxd4 5.
cxd4 Nf6 6. Nc3 Qa5 7. Bd2 e6 (7... Nc6 8. Nf3 Bg4 9. Bb5 e6 10. h3 Bxf3 11.
Qxf3 Rc8 12. O-O Bb4 13. Qg3 O-O 14. Bxc6 Rxc6 15. Rfe1 Bd6 16. Qf3 Qd8 17. Bg5
Be7 18. Rad1 Qa5 19. d5 Rb6 20. b3 Bd8 21. Bxf6 Bxf6 22. Na4 {
Antonio,J (2097)-Garzon,E (2308) Banfield 2004 0-1 (59)}) 8. Bd3 $146 (8. Nf3
Nc6 9. a3 Qd8 10. Bb5 Bd7 11. O-O Be7 12. Bf4 a6 13. Be2 O-O 14. d5 exd5 15.
Nxd5 Nxd5 16. Qxd5 Be6 17. Qxd8 Rfxd8 18. Rfd1 Rxd1+ 19. Rxd1 Rd8 20. Rxd8+
Bxd8 {1/2-1/2 (20) Lochmeyer,G-Wingender,H Germany 1993}) (8. Rc1 Nc6 9. Bb5
Bb4 10. Qa4 Bd7 11. Qxa5 Bxa5 12. Nf3 a6 13. Be2 O-O 14. O-O Bb6 15. Be3 Ne7
16. Ne5 Nf5 17. Bg5 Be8 18. d5 Nxd5 19. Nxd5 exd5 20. Nf3 f6 21. Bd2 Bc6 22.
Rfd1 Rfe8 {Van de Meerakker,T-Hekhuis,J (2138) Vlissingen 2006 1/2-1/2 (60)})
8... Nc6 9. Ne4 (9. Nf3 Be7 $14) 9... Qd8 (9... Bb4 $142 $5 10. Nf3 Bxd2+ 11.
Qxd2 Qxd2+ 12. Kxd2 O-O $11) 10. Nxf6+ $16 Qxf6 11. Nf3 Qd8 {
The isolani on d4 becomes a target} 12. Bc3 (12. O-O Be7 $16) 12... Be7 (12...
Nb4 13. Be4 Bd6 $11) 13. Qc2 (13. O-O O-O $14) 13... h6 (13... Nb4 $142 $5 14.
Bxb4 Bxb4+ 15. Ke2 Bd7 $11) 14. a3 Bf6 {The pressure on the isolated pawn grows
} 15. Rd1 O-O $2 (15... Ne7 16. Qe2 $14) 16. O-O (16. h4 $142 $18) 16... Ne7
$14 17. Be4 Nd5 18. Bd2 Bd7 19. Bxd5 exd5 20. Ne5 Be6 21. f4 Rc8 22. Qd3 Bxe5 (
22... Qb6 23. Bc3 $11) 23. fxe5 (23. dxe5 Bg4 24. Rde1 Qb6+ 25. Rf2 g6 $14)
23... Rc7 24. Qg3 Kh7 25. Rf4 (25. Qd3+ Kg8 $16) 25... Qg5 $11 26. Qxg5 (26.
Qf3 Qg6 $11) 26... hxg5 27. Rf2 Kg6 28. Bc3 Rh8 29. Rdf1 Rc4 30. Rf3 Rhc8 31.
h3 Rh8 32. g4 b6 33. Kg2 Rhc8 1/2-1/2